LIBRARY & INFORMATION CENTRE, KCAET, TAVANUR

ONLINE PUBLIC ACCESS CATALOGUE (OPAC)

Limca book of records 1996 (Record no. 17483)

MARC details
000 -LEADER
fixed length control field 00302nam a22001217a 4500
003 - CONTROL NUMBER IDENTIFIER
control field OSt
008 - FIXED-LENGTH DATA ELEMENTS--GENERAL INFORMATION
fixed length control field 211204b ||||| |||| 00| 0 eng d
082 ## - DEWEY DECIMAL CLASSIFICATION NUMBER
Classification number 028.701
Item number VIJ/LI
100 ## - MAIN ENTRY--AUTHOR NAME
Personal name Vijaya ghose
245 ## - TITLE STATEMENT
Title Limca book of records 1996
260 ## - PUBLICATION, DISTRIBUTION, ETC. (IMPRINT)
Place of publication Delhi
Name of publisher Britco foods co.ltd
Year of publication 1996
942 ## - ADDED ENTRY ELEMENTS (KOHA)
Koha item type Books
Holdings
Withdrawn status Lost status Damaged status Collection code Home library Current library Shelving location Date acquired Full call number Accession Number Koha item type
      Reference KAUAET KAUAET Reference 04/12/2021 028.701 VIJ/LI 18912 Books
free website counter